000 00776nac a22002171u 4500
010 _a011481214
020 _a0824708083
082 _a620.00684
_bWAN
090 _c6236
_d6236
100 _aWang, John X.,
245 _aWhat every engineer should know about decision making under uncertainty /
_c[John X. Wang]
260 _aNew York :
_bMarcel Dekker, c2002.
_cc2002.
300 _axiii, 299 p. :
_bill. ;
_c24 cm.
490 _a( What every engineer should know ; )
_v37
500 _aIncludes bibliographical references and index.
500 _aDistributer: Al-Ahram.
511 _aCatalgued By: Mahitab.
650 _aEngineering -- Management.
650 _aEngineering -- Decision making.
942 _cBB
_k620.00684WAN
999 _c6236
_d6236